| 000 | 00404nam a22001457a 4500 | ||
|---|---|---|---|
| 003 | SGT | ||
| 082 |
_a617.96 _bA21C |
||
| 100 | _aCHOUDHARY, MONIKA DALAL | ||
| 245 | _aA STUDY TO COMPARE CLONIDINE VERSUS DEXMEDETOMIDINE AS AN ADJUVANT TO 0.5% BUPIVACAINE FOR SPINAL ANAESTHESIA | ||
| 260 |
_aGURUGRAM _bSGT UNIVERSITY _c2021 |
||
| 300 | _a97 | ||
| 650 | _aANAESTHESIA | ||
| 653 | _aM.D | ||
| 942 |
_2ddc _cTH |
||
| 999 |
_c26568 _d26568 |
||